| 000 | 01028nam a2200313 i 4500 | ||
|---|---|---|---|
| 003 | EG-GICUC | ||
| 005 | 20260418064014.0 | ||
| 008 | 260418s1974 mau||||fr|||| 00| 0 eng d | ||
| 040 |
_aEG-GiCUC _cEG-GiCUC _dEG-GiCUC _eRda _beng |
||
| 041 |
_aeng _heng |
||
| 082 | 0 | 4 |
_221 _a343.372 _bRO . R |
| 092 | 0 | 4 | _221 |
| 099 | _aLaw1 10 343.372 RO . R 1974 | ||
| 100 | 1 |
_aRobertson, John A _d1943- _q(John Ancona), _eAuthor. |
|
| 245 | 1 | 0 |
_aRough justice : _bperspectives on lower criminal courts / _cBy John A. Robertson. |
| 264 | 1 |
_aBoston : _bLittle, Brown, _c1974. |
|
| 300 |
_a533 pages ; _c23 cm. |
||
| 336 |
_2rda contenu _a texte |
||
| 337 |
_2rda medias _aOrdinateur |
||
| 338 |
_2 transporteur rda _a Ressource en ligne |
||
| 504 | _aIncludes bibliographical references and index. | ||
| 546 | _aText in English | ||
| 650 | 1 | _2Criminal Law | |
| 650 | 1 | _2Criminal courts | |
| 650 | 1 | _2Criminal justice | |
| 856 | 4 | 0 | _uhttps://fll.law.cu.edu.eg/fulltext/bks/B10-08948.pdf |
| 905 | _a43 | ||
| 942 |
_2ddc _n0 _cBK _e21 |
||
| 999 |
_c71569 _d71569 |
||